| 000 | 01020nam a2200253Ia 4500 | ||
|---|---|---|---|
| 003 | OSt | ||
| 005 | 20220930095005.0 | ||
| 006 | a|||||r|||| 00| 0 | ||
| 007 | ta | ||
| 008 | 220926b |||||||| |||| 00| 0 hin d | ||
| 024 | _a62955 | ||
| 037 | _cTheses | ||
| 040 |
_aCRL _cCRL _bhin |
||
| 041 |
_2hin _ahin |
||
| 100 | _aपवन कुमार, ले. | ||
| 110 | _aदिल्ली विश्वविद्यालय. कला संकाय. हिन्दी विभाग | ||
| 245 | 0 | _aनयी कविता की सैद्धांतिकी संबंधी बहसों का एक अध्ययन | |
| 246 | _aNayī kavitā kī saiddhāantikī sanbandhī bahasoan kā ek adhyayana | ||
| 260 | _c2017 | ||
| 300 |
_a335पृ0 _ap. _ccm. |
||
| 700 | _aदिल्ली विश्वविद्यालय. कला संकाय. हिन्दी विभाग | ||
| 942 |
_cDIS _2CC |
||
| 999 |
_c888120 _d888120 |
||